Football - Vainqueurs de la C1 (UEFA) - Statistiques

Statistiques générales
  • Ce quiz a été pris 4 762 fois
  • Le résultat moyen est 55 sur 64
Statistiques - réponses
Année Club % Correct
1956 Real Madrid
100%
1957 Real Madrid
100%
1958 Real Madrid
100%
1959 Real Madrid
100%
1960 Real Madrid
100%
1966 Real Madrid
100%
1998 Real Madrid
100%
2000 Real Madrid
100%
2002 Real Madrid
100%
2014 Real Madrid
100%
2016 Real Madrid
100%
2017 Real Madrid
100%
2018 Real Madrid
100%
1992 FC Barcelone
99%
2006 FC Barcelone
99%
2009 FC Barcelone
99%
2011 FC Barcelone
99%
2015 FC Barcelone
99%
1963 AC Milan
96%
1969 AC Milan
96%
1989 AC Milan
96%
1990 AC Milan
96%
1994 AC Milan
96%
2003 AC Milan
96%
2007 AC Milan
96%
1977 Liverpool FC
96%
1978 Liverpool FC
96%
1981 Liverpool FC
96%
1984 Liverpool FC
96%
2005 Liverpool FC
96%
2019 Liverpool FC
96%
1993 Olympique de Marseille
95%
1974 Bayern Munich
93%
1975 Bayern Munich
93%
1976 Bayern Munich
93%
2001 Bayern Munich
93%
2013 Bayern Munich
93%
2012 Chelsea FC
93%
1964 Inter Milan
93%
1965 Inter Milan
93%
2010 Inter Milan
93%
1968 Manchester United
92%
1999 Manchester United
92%
2008 Manchester United
92%
1985 Juventus Turin
85%
1996 Juventus Turin
85%
1997 Borussia Dortmund
81%
1987 FC Porto
80%
2004 FC Porto
80%
1971 Ajax Amsterdam
73%
1972 Ajax Amsterdam
73%
1973 Ajax Amsterdam
73%
1995 Ajax Amsterdam
73%
1961 Benfica Lisbonne
73%
1962 Benfica Lisbonne
73%
1979 Nottingham Forest
65%
1980 Nottingham Forest
65%
1991 Etoile Rouge de Belgrade
55%
1982 Aston Villa
49%
1967 Celtic Glasgow
38%
1988 PSV Eindhoven
37%
1983 Hambourg SV
36%
1970 Feyenoord Rotterdam
35%
1986 Steaua Bucarest
35%
Aucun quiz correspondant
Distribution des résultats
% des personnes avec chaque résultat
Percentile par nombre de réponses
Votre historique - résultats
Vous n’avez pas pris ce quiz